mysqli: Table './ulib62015/stat_globaluid' is marked as crashed and should be repaired
select id from stat_globaluid where statuid='20260517210741_3035'
mysqli: Table './ulib62015/stat_globaluid' is marked as crashed and should be repaired
DELETE FROM stat_globaluid
WHERE id NOT IN (
SELECT id
FROM (
SELECT id
FROM stat_globaluid
ORDER BY id DESC
LIMIT 100
) foo
);
mysqli: Table './ulib62015/stat_globaluid' is marked as crashed and should be repaired
insert into stat_globaluid set
statuid='20260517210741_3035',
dt='1779026861',
phpself='/ULIB62015/dublinfull.php',
agent='Mozilla/5.0 AppleWebKit/537.36 (KHTML, like Gecko; compatible; ClaudeBot/1.0; +claudebot@anthropic.com)',
yea='2026',
mon='5',
dat='17',
ip='216.73.216.45'
mysqli: Table './ulib62015/stathist_viewbib_bib_type' is marked as crashed and should be repaired
insert into stathist_viewbib_bib_type set
dat='17' ,
mon='05' ,
yea='2026' ,
statuid='20260517210741_3035' ,
head='13399120960' ,
foot='marc' ,
dt='1779026861'
| LEADER : 00000nam 2200000uu 4500 |
| 008 150119s||||||||th 000 0 tha d |
| 020 ^a9789741958337
|
| 060 0 ^aWA950^bว464ช 2556
|
| 100 0 ^aวาทินี สุขมาก
|
| 245 00 ^aชีวสถิติทางคลินิก/^cวาทินี สุขมาก
|
| 250 ^aพิมพ์ครั้งที่ 2
|
| 260 ^aมหาสารคาม :^bสำนักพิมพ์มหาวิทยาลัยมหาสารคาม,^c2556
|
| 300 ^a243หน้า:^bภาพประกอบ ;^c21ซม.
|
| 650 0 ^aชีวสถิติ
|
| 945 ^p250^l0^i021752
|
| 945 ^p0^l0^i021753
|
| 945 ^p0^l0^i021754 |
| 999 ^aอริศรา หะยีเด
|
| คุณยังไม่ได้ล็อกอิน คุณสามารถมีกิจกรรมร่วมกับเว็บไซต์ได้ แต่ต้องล็อกอินก่อน :: |
|
|
|
| ลำดับที่ |
ประเภท |
เลขเรียก/บาร์โค้ด |
สถานที่ |
สถานะ |
| 1. |
 หนังสือ | WA950 ว464ช 2556 ฉ.1 Barcode: 021752 | หนังสือทั่วไป | บนชั้น ขอยืม |
| 2. |
 หนังสือ | WA950 ว464ช 2556 ฉ.2 Barcode: 021753 | หนังสือทั่วไป | บนชั้น ขอยืม |
| 3. |
 หนังสือ | WA950 ว464ช 2556 ฉ.3 Barcode: 021754 | หนังสือทั่วไป | บนชั้น ขอยืม |
รายการใกล้เคียง
ผู้แต่ง [วาทินี สุขมาก]
หัวเรื่อง [ชีวสถิติ]
|
|
ยังไม่เคยถูกคอมเมนท์
|
| คอมเมนท์ทรัพยากรรายการนี้ |
|